01576nam a2200313 i 4500001001000000003000900010005001700019007000300036008004100039020001800080040003000098082002000128245010200148264006300250300002800313336002700341337003300368338002800401490005600429590002600485700004500511700004800556942001400604952013400618952012900752952012300881952024101004999001701245000039165DO-SdBNP20260305073951.0ta130604s2013 dr 000 0 spa d a9789945887709 aDO-SdBNPbspacBNPHUerda 4222axxxxbT134e04aLos taínos en 1492 :bel debate demográfico /ceditores, Frank Moya Pons, Rosario Flores Paz. 1aSanto Domingo :bAcademia Dominicana de la Historia,c2013 a406 páginas ;c23 cm. atextobtxt2rdacontent asin mediaciónbn2rdamedia avolumenbnc2rdacarrier aColección Academia Dominicana de la Historiav103 aInventariado, 2024/BT1 aFlores Paz, Rosario,eeditor4ed.9653661 aMoya Pons, Frank,d1944-eeditor4ed.92095 2ddccLBS1 00102ddc56708DSaBNPHUbBNPHUcCTd2013-06-04l0oBNPHU DS p39165-30r2020-06-25te. 3w2020-06-25yLBS1ZPréstamo interno 00102ddc51708PDaBNPHUbBNPHUcCTd2013-06-04l0o BNPHU PD p39165-10r2020-06-25te. 2w2020-06-25yLBS1ZNo se presta 00102ddc51708PDaBNPHUbBNPHUcCTd2013-06-04l0o BNPHU PD p39165-20r2020-06-25w2020-06-25yLBS1ZNo se presta 00102ddc56708DSaBNPHUbBNPHUcCTd2024-04-16eDonado por la Presidencia de la República Dominicana 2023.l0oBNPHU DS p2024-2284r2024-04-16te.4w2024-04-16yLBS1zPerteneció a la biblioteca personal de Emilio Cordero Michel. c38655d38655